| 000 | 01678cas a2200457 4500 | ||
|---|---|---|---|
| 001 | data | ||
| 005 | 20260322212101.0 | ||
| 008 | data | ||
| 010 | _a 73646858 | ||
| 019 |
_a50367797 _a45458670 _a50367797 |
||
| 022 |
_a0351-4633 _z0301-4096 _246 |
||
| 023 | 0 |
_a0351-4633 _246 |
|
| 029 | 1 |
_aAU@ _b000021482387 |
|
| 029 | 1 |
_aNLM _b7512959 |
|
| 035 | _a(OCoLC)1789119 | ||
| 040 |
_aDLC _beng _cDLC _dOCLCQ _dSER _dOCL _dDLC _dOCLCQ _dOCLCF _dOCLCO _dIUL _dNLM _dOCLCQ _dOCLCO _dOCLCA _dNLM _dOCLCA _dYUS _dOCLCQ |
||
| 041 | 0 |
_abos _beng |
|
| 042 |
_ansdp _ansdp |
||
| 050 | 0 | 0 |
_aR114 _b.N35 |
| 060 | 0 |
_aW1 _bPO864 |
|
| 110 | 2 |
_aAkademija nauka i umjetnosti Bosne i Hercegovine. _bOdjeljenje medicinskih nauka. |
|
| 222 | 0 | _aPosebna izdanja - Akademija nauka i umjetnosti Bosne i Hercegovine. Odjeljenje medicinskih nauka | |
| 245 | 1 | 0 | _a[Posebna izdanja]. |
| 260 | _aSarajevo. | ||
| 300 |
_avolumes _billustrations _c24 cm. |
||
| 310 | _aAnnual | ||
| 336 |
_atext _btxt _2rdacontent |
||
| 337 |
_aunmediated _bn _2rdamedia |
||
| 338 |
_avolume _bnc _2rdacarrier |
||
| 362 | 0 | _aknj. 2- 1970- | |
| 490 | 0 | _aAkademija nauka i umjetnosti Bosne i Hercegovine. Posebna izdanja | |
| 546 | _aSummaries in English. | ||
| 580 | _aContinues the publication with the same title issued by the Department when it was part of Naučno društvo Bosne i Hercegovine. | ||
| 650 | 0 | _aMedicine. | |
| 650 | 2 | _aMedicine. | |
| 650 | 7 |
_aMedicine. _2fast _0(OCoLC)fst01014893 |
|
| 655 | 2 | _aPeriodical. | |
| 780 | 0 | 0 | _tPosebna izdanja (Naučno društvo Bosne i Hercegovine. Odjeljenje medicinskih nauka) |
| 906 |
_a0 _bcbc _cserials _d3 _encip _f19 _gn-oclcserc |
||
| 991 |
_bc-GenColl _hR114 _i.N35 _wSERIALS |
||
| 999 |
_c1459 _d1459 |
||